|
|
|
|
| LEADER |
00000aas a2200000 a 4500 |
| 001 |
47717 |
| 003 |
Ucuenca |
| 005 |
20230308222211.0 |
| 008 |
002092| ||||||||r|||||||||||spa|| |
| 040 |
|
|
|b spa
|
| 041 |
0 |
|
|a spa
|
| 082 |
0 |
|
|a 050
|b U48t
|
| 110 |
2 |
|
|a Universidad de Alicante.
|g UA
|9 192941
|
| 245 |
|
|
|a La Torre de Babel
|c Universidad de Alicante
|h imp
|
| 264 |
|
|
|a Alicante
|c 2002
|b Universidad de Alicante
|
| 300 |
|
|
|a 11 páginas:
|b ilu
|c 29 cm
|
| 362 |
|
|
|a no. 20 (2002)
|
| 650 |
1 |
|
|a Asia y la cultura actual
|9 192942
|
| 650 |
1 |
|
|a China mercado educativo
|9 192943
|
| 650 |
1 |
|
|a Verbo enseñanza en españa
|9 192944
|
| 650 |
1 |
|
|a Vargas llosa mario presidente de la biblioteca cervantes
|9 192945
|
| 852 |
|
|
|a UC-CDJBV
|f Donación
|k npena
|l 1
|p 20020926
|q 1.00
|t 47717
|d CDRC
|e CDRC
|g 050 U48t
|z 2002-20-92
|
| 942 |
|
|
|c SER
|
| 999 |
|
|
|c 139988
|d 139988
|